000 01301cam a22002773a 4500
001 1491
003 PGUSA
005 20140828083001.0
008 981001s1998||||xxu|||||s|||||000 | eng d
040 _aPGUSA
_beng
042 _adc
050 4 _aPN
050 4 _aPR
100 1 _aLang, Andrew,
_d1844-1912
245 1 0 _aLetters to Dead Authors
_h[electronic resource] /
_cAndrew Lang
260 _bProject Gutenberg,
_c1998
505 0 _aTo W.M. Thackeray -- To Charles Dickens -- To Piere de Ronsard -- To Herodotus -- Epistle to Mr. Alexander Pope -- To Lucian of Samosata -- To Maître Françoys Rabelais -- To Jane Austen -- To Master Isaak Walton -- To M. Chapelain -- To Sir John Manndeville, Kt. -- To Alexandre Dumas -- To Theocritus -- To Edgar Allan Poe -- To Sir Walter Scott, Bart. -- To Eusebius of Caesarea -- To Percy Bysshe Shelley -- To Monsieur de Molière, valet de chambre du roi -- To Robert Burns -- To Lord Byron -- To Omar Khayyám -- To Q. Hortatius Flaccus.
506 _aPublic domain in the USA.
516 _aElectronic text
653 _aAuthors, English -- Biography
653 _aLiterature -- History and criticism
653 _aAuthors -- Biography
830 0 _aProject Gutenberg
_v1491
856 4 0 _uhttp://www.gutenberg.org/ebooks/1491
942 _cEB
999 _c230839
_d230839